|
|
|
|
| LEADER |
00000naa2a2200000 4500 |
| 001 |
227723 |
| 005 |
20231031201355.0 |
| 035 |
|
|
|a (RuTPU)RU\TPU\book\248160
|
| 035 |
|
|
|a RU\TPU\book\248149
|
| 090 |
|
|
|a 227723
|
| 100 |
|
|
|a 20121210d1999 k y0engy50 ba
|
| 101 |
0 |
|
|a eng
|
| 102 |
|
|
|a RU
|
| 200 |
1 |
|
|a High-current betatrons - bremsstrahlung and high-energy electrons of multy-aimed sources
|f V. A. Moskalev, V. V. Shashov
|
| 463 |
|
1 |
|0 (RuTPU)RU\TPU\book\7822
|t Korus`98. Abstracts
|o The Second Russian-Korean International Symposium on Science and Technology, August, 30-September, 5
|f Tomsk Polytechnic University (TPU) ; Novosibirsk State Technical University
|v P. 74
|d 1998
|p 293 p.
|
| 610 |
1 |
|
|a труды учёных ТПУ
|
| 700 |
|
1 |
|a Moskalev
|b V. A.
|c Specialist in the field of electrical engineering
|c Professor-consultant of Tomsk Polytechnic University, Doctor of technical sciences
|f 1927-
|g Vladilen Aleksandrovich
|2 stltpush
|3 (RuTPU)RU\TPU\pers\32249
|
| 701 |
|
1 |
|a Shashov
|b V. V.
|
| 801 |
|
1 |
|a RU
|b 63413507
|c 20091014
|
| 801 |
|
2 |
|a RU
|b 63413507
|c 20150219
|g RCR
|
| 942 |
|
|
|c BK
|